Liverpool skład 20/21 - Statystyki

Ogólne statystyki
  • Ten quiz został rozwiązany 88 razy
  • Średni wynik to 18 z 25
Statystyki odpowiedzi
Pozycja Zawodnik % Poprawnych
Bramkarz Alisson
100%
Napastnik Salah
99%
Obrońca Van Dijk
98%
Napastnik Firmino
95%
Napastnik Mane
95%
Obrońca Robertson
95%
Pomocnik Fabinho
85%
Pomocnik Henderson
85%
Obrońca Alexander-Arnold
84%
Obrońca Gomez
84%
Obrońca Matip
80%
Pomocnik Milner
76%
Napastnik Jota
75%
Bramkarz Adrian
72%
Pomocnik Keita
71%
Napastnik Origi
68%
Pomocnik Thiago
66%
Pomocnik Wijnaldum
59%
Obrońca Tsimikas
44%
Pomocnik Jones
42%
Napastnik Shaqiri
42%
Obrońca Williams
42%
Obrońca Williams
42%
Pomocnik Oxlade-Chamberlain
39%
Obrońca Kabak
34%
Nie znaleziono quizów pasujących do podanych kryteriów
Rozkład punktacji
Procent ludzi z każdym wynikiem
Percentyl według liczby udzielonych odpowiedzi
Twoja historia wyników
Nie rozwiązałeś tego quizu